Cinéma (notice n° 1618552)

détails MARC
000 -LEADER
fixed length control field 00880cam a2200157 4500500
005 - DATE AND TIME OF LATEST TRANSACTION
control field 20260111090200.0
041 ## - LANGUAGE CODE
Language code of text/sound track or separate title fre
042 ## - AUTHENTICATION CODE
Authentication code dc
100 10 - MAIN ENTRY--PERSONAL NAME
Personal name Mambrino, Jean
Relator term author
245 00 - TITLE STATEMENT
Title Cinéma
260 ## - PUBLICATION, DISTRIBUTION, ETC.
Date of publication, distribution, etc. 2001.<br/>
500 ## - GENERAL NOTE
General note 17
520 ## - SUMMARY, ETC.
Summary, etc. Résumé« Quand je dis que je ne suis rien d’autre que mes livres, on pense qu’il s’agit d’une formule. Pourtant il est exact que, hors des mots, je ne suis rien », écrit Michel del Castillo dans L’Adieu au siècle. Il est ce qu’il écrit, et ses livres sont ses pièces d’identité. Ecriture déchirée, déchirante, âpre. Michel del Castillo écrit pour comprendre, pour que les mots apportent cette cohérence que la vie a refusée.
786 0# - DATA SOURCE ENTRY
Note Études | 394 | 1 | 2001-01-01 | p. 106-112 | 0014-1941
856 41 - ELECTRONIC LOCATION AND ACCESS
Uniform Resource Identifier <a href="https://shs.cairn.info/revue-etudes-2001-1-page-106?lang=fr&redirect-ssocas=7080">https://shs.cairn.info/revue-etudes-2001-1-page-106?lang=fr&redirect-ssocas=7080</a>

Pas d'exemplaire disponible.

PLUDOC

PLUDOC est la plateforme unique et centralisée de gestion des bibliothèques physiques et numériques de Guinée administré par le CEDUST. Elle est la plus grande base de données de ressources documentaires pour les Étudiants, Enseignants chercheurs et Chercheurs de Guinée.

Adresse

627 919 101/664 919 101

25 boulevard du commerce
Kaloum, Conakry, Guinée

Réseaux sociaux

Powered by Netsen Group @ 2025